Hua jing da lou huo li de 500 gei nao jin ji zhuan wan . Abrupt turn in one's train of thought to vigour the brain

Bibliographic Details
Main Author: Wu Yin Juan
Format: Book
Published: Beijing : Har Bin Pub House , 2008
Subjects:

MARC

LEADER 00000cam a2200000 7i4500
001 0000138544
005 20100315.0
020 |a 9787807532071 
090 0 0 |a 001.3   |b WUY 
100 0 |a Wu Yin Juan 
245 1 0 |a Hua jing da lou huo li de 500 gei nao jin ji zhuan wan .   |p Abrupt turn in one's train of thought to vigour the brain   |c Wu Yin Juan 
260 |a Beijing :   |b Har Bin Pub House ,   |c 2008 
300 |a 132p. :   |b ill. ;   |c 21cm. 
650 0 0 |a General knowledge   |x Chinese language 
999 |a 00232526   |b BUKU   |c JUNIOR MANDARIN COLLECTION   |e PERPUSTAKAAN KOMUNITI PETALING JAYA